Littérature française (chapitres choisis)

Enregistré dans:
Détails bibliographiques
Auteur principal: Povchanič, Štefan
Collectivité auteur: Ekonomická univerzita v Bratislave. Fakulta aplikovaných jazykov
Autres auteurs: Lapšanský, Ladislav, Kopecký, Peter, Jančok, Ľubomír
Format: Livre
Langue:français
slovaque
Publié: Bratislava Vydavateľstvo EKONÓM 2016
Édition:1. vyd.
Sujets:
Tags: Ajouter un tag
Pas de tags, Soyez le premier à ajouter un tag!

MARC

LEADER 00000nam a2200000 4500
001 0215892
005 20240522141652.9
020 |a 978-80-225-4233-3 
041 0 |a fre 
041 0 |a slo 
044 |a SK 
245 1 0 |a Littérature française  |b (chapitres choisis)  |c Štefan Povchanič, Ladislav Lapšanský ; recenzenti: Peter Kopecký, Ľubomír Jančok 
250 |a 1. vyd. 
264 1 |a Bratislava  |b Vydavateľstvo EKONÓM  |c 2016 
300 |a 172 s. [13,49 AH] 
610 2 0 |a literatúra 
610 2 0 |a francúzština 
100 1 |a Povchanič, Štefan 
700 1 |a Lapšanský, Ladislav 
700 1 |a Kopecký, Peter 
700 1 |a Jančok, Ľubomír 
710 2 |a Ekonomická univerzita v Bratislave. Fakulta aplikovaných jazykov